Statystyki dla Najlepsi strzelcy Manchesteru United .

Kliknij tutaj aby rozwiązać quiz!

Ogólne statystyki

  • Ten quiz został rozwiązany 136 razy
  • Średni wynik to 3 z 10

Statystyki odpowiedzi

GoleLataPiłkarz% Poprawnych
2532004–2017Wayne Rooney
98%
1681991–2014Ryan Giggs
58%
2491956–1973Bobby Charlton
44%
1551994–2011
2012–2013
Paul Scholes
42%
1791963–1974George Best
37%
2371962–1973Denis Law
21%
1791952–1962Dennis Viollet
3%
1631983–1986
1988–1995
Mark Hughes
3%
2111937–1955Jack Rowley
2%
1681919–1933Joe Spence
1%

Rozkład punktacji

Percentyl według liczby udzielonych odpowiedzi

Procent ludzi z każdym wynikiem

Twoja historia wyników

Nie rozwiązałeś tego quizu